000 00483nam a22001577a 4500
003 macl
005 20200229121520.0
008 200229b xxu||||| |||| 00| 0 eng d
040 _cmacl
082 _a100
100 _aशास्‍त्री , के.एन .
_978495
245 _aहिन्‍दू दर्शन
260 _aदिल्‍ली
_bआदि बुक्‍स
_c2013
650 _aदर्शनशास्‍त्र
_947739
942 _2ddc
_cHIN
999 _c62269
_d62269